000 00372nam a22001577a 4500
003 macl
005 20180731163944.0
008 180731b xxu||||| |||| 00| 0 eng d
040 _cmacl
082 _a621
100 _aJ.S. Katre
_972835
245 _aDigital Communication
260 _aPune
_bTech Max pub.
_c2001
650 _aElectronics
_927404
942 _2ddc
_cBK
999 _c58281
_d58281